Villains from the Marvel Cinematic Universe - Statistics

General Stats
  • This quiz has been taken 49 times
  • The average score is 9 of 16
Answer Stats
Picture Answer % Correct
Thanos
96%
Red Skull
89%
Ultron
84%
Abomination
82%
Mysterio
82%
Vulture
73%
Whiplash
64%
Ebony Maw
60%
Surtur
60%
Helmut Zemo
56%
The Destroyer
51%
High Evolutionary
42%
Arishem
31%
Kro
29%
Ayesha
22%
Jack Rollins
4%
No matching quizzes found
Score Distribution
Percent of People with Each Score
Percentile by Number Answered
Your Score History
You have not taken this quiz